MARC details
| 000 -CABECERA |
| campo de control de longitud fija |
02612nab a2200301 a 4500 |
| 005 - FECHA Y HORA DE LA ÚLTIMA TRANSACCIÓN |
| campo de control |
20240108130715.0 |
| 008 - ELEMENTOS DE LONGITUD FIJA--INFORMACIÓN GENERAL |
| campo de control de longitud fija |
991125c2017 ec fr p o 000 0 spa d |
| 035 ## - NÚMERO DE CONTROL DEL SISTEMA |
| Número de control de sistema |
UPN01000224951 |
| 040 ## - FUENTE DE LA CATALOGACIÓN |
| Centro catalogador/agencia de origen |
UPN |
| Lengua de catalogación |
spa |
| Centro/agencia transcriptor |
UPN |
| Normas de descripción |
aacr2 |
| 049 ## - COLECCIÓN |
| Colección |
ART-E |
| 100 1# - ASIENTO PRINCIPAL--NOMBRE PERSONAL |
| Nombre de persona |
Pérez Galván, Luis Manuel |
| Enlace |
- luis.educ.psi@gmail.com |
| 100 1# - ASIENTO PRINCIPAL--NOMBRE PERSONAL |
| Nombre de persona |
Ochoa Cervantes, Azucena De la Concepción |
| 245 13 - MENCIÓN DE TÍTULO |
| Título |
El aprendizaje-servicio (APS) como estrategia para educar en ciudadanía |
| Medio |
[recurso electrónico en línea] |
| 506 ## - NOTA DE RESTRICCIONES AL ACCESO |
| Limitaciones de acceso |
Acceso abierto |
| 520 3# - NOTA DE RESUMEN, ETC. |
| Sumario, etc. |
Formar para la ciudadanía activa implica la posibilidad de participar en los asuntos públicos para adquirir las competencias ciudadanas. Por ello resulta indispensable promover la participación de los niños, niñas y adolescentes (NNA) en asuntos públicos comunitarios, generando una participación genuina y comprometida. A este respecto, los proyectos de Aprendizaje – Servicio (APS) resultan ser una metodología que promueve y estimula la participación de los NNA, uniendo el aprendizaje basado en la experiencia, contenidos curriculares y el compromiso social, permitiéndoles ser protagonistas activos al implicarse en las necesidades de su entorno con la finalidad de mejorarlo. A partir de lo anterior, se realizó la aplicación de un proyecto de APS con el objetivo de analizar las formas y grados de participación que muestran los alumnos de un grupo de tercer grado (12 mujeres y 18 hombres) de una escuela secundaria de la zona metropolitana de Querétaro, México, al implicarse en un proyecto de APS. Se recopiló la información utilizando la observación participante y el diario de campo para registrar lo acontecido durante el proyecto así como la aplicación de una rúbrica de evaluación de proyectos de APS. Los resultados mostraron que los estudiantes participaron de manera genuina, siendo un tipo de participación proyectiva puesto que intervinieron en todas sus fases, tomando decisiones sobre todos los aspectos relevantes del mismo, acciones que son consideradas base para la construcción de la ciudadanía activa. |
| 650 #0 - ASIENTO SECUNDARIO DE MATERIA - TERMINO TEMATICO |
| 9 (RLIN) |
1014 |
| Término de materia o nombre geográfico como elemento de entrada |
Adolescentes |
| 653 0# - TERMINO DE INDIZACION - NO CONTROLADO |
| Término no controlado |
Formación ciudadana |
| 653 0# - TERMINO DE INDIZACION - NO CONTROLADO |
| Término no controlado |
Aprendizaje-servicio |
| 653 0# - TERMINO DE INDIZACION - NO CONTROLADO |
| Término no controlado |
Compromiso social |
| 653 0# - TERMINO DE INDIZACION - NO CONTROLADO |
| Término no controlado |
Ciudadanía activa |
| 653 0# - TERMINO DE INDIZACION - NO CONTROLADO |
| Término no controlado |
Niños |
| 653 05 - TERMINO DE INDIZACION - NO CONTROLADO |
| Término no controlado |
Querétaro, México |
| 773 ## - ENLACE AL DOCUMENTO FUENTE/ENTRADA DE REGISTRO ANFITRIÓN |
| Parte(s) relacionada(s) |
Vol. 12, no. 2 (2017), p. 175-187 |
| Título |
Alteridad : revista de educación |
| Número Internacional Normalizado para Publicaciones Seriadas |
1390-8642 |
| 856 4# - LOCALIZACIÓN Y ACCESO ELECTRÓNICOS |
| Identificador Uniforme del Recurso |
<a href="https://alteridad.ups.edu.ec/index.php/alteridad/article/view/2.2017.04">https://alteridad.ups.edu.ec/index.php/alteridad/article/view/2.2017.04</a> |
| 856 4# - LOCALIZACIÓN Y ACCESO ELECTRÓNICOS |
| Identificador Uniforme del Recurso |
<a href="https://doi.org/10.17163/alt.v12n2.2017.04">https://doi.org/10.17163/alt.v12n2.2017.04</a> |
| 905 ## - TIPO DE MATERIAL |
| Tipo de material |
Articulo |
| 942 ## - ELEMENTOS DE PUNTO DE ACCESO ADICIONAL (KOHA) |
| Tipo de ítem Koha |
Artículo Electrónico |